Lebesgue type decompositions for linear relations and Ando's uniqueness criterion

A linear relation, i.e., a multivalued operator T from a Hilbert space H to a Hilbert space K has Lebesgue type decompositions T = T1 + T2, where T1 is a closable operator and T2 is an operator or relation which is singular. There is one canonical decomposition, called the Lebesgue decomposition of...

Teljes leírás

Elmentve itt :
Bibliográfiai részletek
Szerzők: Hassi Seppo
Sebestyén Zoltán
Snoo Henk de
Dokumentumtípus: Cikk
Megjelent: Bolyai Institute, University of Szeged Szeged 2018
Sorozat:Acta scientiarum mathematicarum 84 No. 3-4
Kulcsszavak:Matematika
Tárgyszavak:
doi:10.14232/actasm-018-757-0

Online Access:http://acta.bibl.u-szeged.hu/56926
LEADER 01879nab a2200253 i 4500
001 acta56926
005 20260219143148.0
008 190130s2018 hu o 000 eng d
022 |a 0001-6969 
024 7 |a 10.14232/actasm-018-757-0  |2 doi 
040 |a SZTE Egyetemi Kiadványok Repozitórium  |b hun 
041 |a eng 
100 1 |a Hassi Seppo 
245 1 0 |a Lebesgue type decompositions for linear relations and Ando's uniqueness criterion  |h [elektronikus dokumentum] /  |c  Hassi Seppo 
260 |a Bolyai Institute, University of Szeged  |b Szeged  |c 2018 
300 |a 465-507 
490 0 |a Acta scientiarum mathematicarum  |v 84 No. 3-4 
520 3 |a A linear relation, i.e., a multivalued operator T from a Hilbert space H to a Hilbert space K has Lebesgue type decompositions T = T1 + T2, where T1 is a closable operator and T2 is an operator or relation which is singular. There is one canonical decomposition, called the Lebesgue decomposition of T, whose closable part is characterized by its maximality among all closable parts in the sense of domination. All Lebesgue type decompositions are parametrized, which also leads to necessary and sufficient conditions for the uniqueness of such decompositions. Similar results are given for weak Lebesgue type decompositions, where T1 is just an operator without being necessarily closable. Moreover, closability is characterized in different useful ways. In the special case of range space relations the above decompositions may be applied when dealing with pairs of (nonnegative) bounded operators and nonnegative forms as well as in the classical framework of positive measures. 
650 4 |a Természettudományok 
650 4 |a Matematika 
695 |a Matematika 
700 0 1 |a Sebestyén Zoltán  |e aut 
700 0 1 |a Snoo Henk de  |e aut 
856 4 0 |u http://acta.bibl.u-szeged.hu/56926/1/math_084_numb_003-004_465-507.pdf  |z Dokumentum-elérés